<?xml version="1.0" encoding="UTF-8"?>
<marc:record xmlns:marc="http://www.loc.gov/MARC21/slim">
   <marc:leader>00000nam a2200000 a 4500</marc:leader>
   <marc:datafield ind1="1" ind2=" " tag="100">
      <marc:subfield code="a">Hilbert, Jerry</marc:subfield>
   </marc:datafield>
   <marc:datafield ind1="0" ind2="0" tag="245">
      <marc:subfield code="a">Feuerwehrmann Sam : der tapfere Retter</marc:subfield>
   </marc:datafield>
   <marc:datafield ind1=" " ind2="1" tag="264">
      <marc:subfield code="a">[Hamburg]</marc:subfield>
      <marc:subfield code="b">HIT Entertainment</marc:subfield>
   </marc:datafield>
   <marc:datafield ind1="1" ind2=" " tag="490">
      <marc:subfield code="a">Feuerwehrmann Sam</marc:subfield>
   </marc:datafield>
   <marc:datafield ind1="1" ind2=" " tag="520">
      <marc:subfield code="a">"Das gesamte Rettungsteam von Pontypandy wird wieder einmal auf die Probe gestellt. Das spektakuläre Feuerwerk nimmt eine dramatische Wendung als ein Feuerwerkskörper nicht macht was er soll. Sarah und James’ Meerschweinchen büxt aus und macht schmerzliche Erfahrungen beim Anknabbern von Kabeln. Außerdem hat Norman wieder mal einen Plan um Unruhe zu stiften. Er zieht an Halloween lange vor den anderen los, um alle Süßigkeiten der Stadt beim „Süßes sonst gibt’s Saures“ einzuheimsen. Was wird wohl als nächstes passieren? Danke, Feuerwehrmann Sam, unser Held von nebenan – allzeit bereit stellt er sich tapfer jeder Gefahr."&#xD;
&#xD;
Episoden:&#xD;
01 Norris, das Meerschweinchen&#xD;
02 Normans Halloween-Trick&#xD;
03 Bessie eilt zur Rettung&#xD;
04 Babysitter in Not&#xD;
05 Bessie in Gefahr</marc:subfield>
   </marc:datafield>
   <marc:datafield ind1="3" ind2=" " tag="024">
      <marc:subfield code="a">4260264434225</marc:subfield>
   </marc:datafield>
   <marc:datafield ind1=" " ind2=" " tag="041">
      <marc:subfield code="a">ger</marc:subfield>
   </marc:datafield>
   <marc:datafield ind1="1" ind2=" " tag="521">
      <marc:subfield code="a">FSK ab 0 freigegeben</marc:subfield>
   </marc:datafield>
   <marc:datafield ind1="1" ind2=" " tag="521">
      <marc:subfield code="a">0</marc:subfield>
   </marc:datafield>
   <marc:datafield ind1=" " ind2=" " tag="338">
      <marc:subfield code="a">Videodisk</marc:subfield>
   </marc:datafield>
   <marc:datafield ind1=" " ind2=" " tag="300">
      <marc:subfield code="a">1 DVD-Video</marc:subfield>
   </marc:datafield>
</marc:record>
